LEADER 01255nam a2200313 a 4500 001 000000124271 003 CaOOAMICUS 005 20110208150838.0 008 110208s2009 it a u000 u ita r 020 $a978-88-06-19772-8 040 $aPUL$bita 082 04$a945.092 100 1 $aMoro, Aldo,$d1916-1978.$0(OLS)http://pul/name/20211 245 10$aLettere dalla prigionia /$cAldo Moro ; a cura di Miguel Gotor. 260 $aTorino :$bEinaudi,$cİ2009. 300 $axlv, 400 ;$c20 cm. 490 1 $aET Saggi ;$v1577 504 $aContiene riferimenti bibliografici e indice. 650 04$aEpistolari e carteggi.$0(OLS)http://pul/subject/9494 700 1 $aGotor, Miguel.$0(OLS)http://pul/name/78454 830 0$aET Saggi ;$v1577.$0(OLS)http://pul/title/142774 850 $aPUL 852 $aPUL$W1$xSL Cons. Gen., Altre Classi 3$y75$m945. 092 MORAL 1$j143073$qDDC 21$B142095$CPULBib$Z2$F142095 $H115895 $82 941 1 $a9 996 $6020$a978-88-06-19772-8$9(OLS)http://pul/number/146301 996 $6082$a945.092$9(OLS)http://pul/classification/1830 996 $6245$aLettere dalla prigionia$9(OLS)http://pul/title/156643 996 $6260$aTorino :$bEinaudi$9(OLS)http://pul/publisher/48130 LEADER 01490nam a2200349 a 4500 001 000000140895 003 CaOOAMICUS 005 20141212121007.0 008 141212s2014 it u000 u ita r 020 $a978-88-581-1459-9 040 $aPUL$bita 041 1 $aita$hpol 082 04$a210 100 1 $aBauman, Zygmunt,$d1925-2017.$0(OLS)http://pul/name/31901 240 10$aO Bogu i czlowieku. Rozmowy.$lItaliano.$0(OLS)http://pul/title/178263 245 10$aConversazioni su Dio e sull'uomo /$cZygmunt Bauman, Stanislaw Obirek ; traduzione di Roberto M. Polce. 260 $aBari ; Roma :$bGius. Laterza & figli,$cİ2014. 300 $a175 p. ;$c24 cm 490 1 $aRobinson. Letture 504 $aBibliografia in nota. 650 4$aFilosofia della religione.$0(OLS)http://pul/subject/120 700 1 $aObirek, Stanislaw,$cS.I.,$d1956-$0(OLS)http://pul/name/90775 700 1 $aPolce, Roberto M.$0(OLS)http://pul/name/90776 830 2$aI Robinson.$pLetture.$0(OLS)http://pul/title/65836 850 $aPUL 852 $aPUL$W1$xSL Religione 3$y85$m210 BAUZY 1$j162664$qDDC 21$B162288$CPULBib$Z2$F162288 $H125086 $82 941 1 $a9 996 $6020$a978-88-581-1459-9$9(OLS)http://pul/number/156518 996 $6082$a210$9(OLS)http://pul/classification/1731 996 $6245$aConversazioni su Dio e sull'uomo$9(OLS)http://pul/title/178264 996 $6260$aBari ; Roma :$bGius. Laterza & figli$9(OLS)http://pul/publisher/81307